| 000 | 00894nam a22003017a 4500 | ||
|---|---|---|---|
| 003 | CHAP | ||
| 005 | 20220329134123.0 | ||
| 008 | 971013s1967 r 00010 d | ||
| 010 | _a15711 | ||
| 011 | _a16683 | ||
| 035 | _a20765 | ||
| 040 | _cCHAP | ||
| 082 |
_a532.515 _bB4 |
||
| 100 | 0 | 0 |
_aBetchov, Robert. _912072 |
| 245 | _aStability of parallel flows | ||
| 260 |
_aNew York : _bAcademic Press, _c1967 |
||
| 300 | _a330 p. | ||
| 490 |
_aApplied mathematics and mechanics _v; 10 |
||
| 590 |
_aBATCH-UPD _b10 _c20130110 _lUCH01 _h2104 |
||
| 590 |
_aCONVERSION _b10 _c20130109 _lUCH01 _h1310 |
||
| 650 | 1 | 4 |
_aEstabilidad. _938182 |
| 650 | 1 | 4 |
_aFlujo laminar. _941893 |
| 700 | 0 |
_aCriminale, William O., Jr. _928934 |
|
| 830 | 0 |
_aApplied mathematics and mechanics _v; 10 _96363 |
|
| 901 | _aBK | ||
| 942 | _cLIBRO | ||
| 949 |
_a532.515 B4 _bBC _cLIBRO _d33724000399192 _eLIBRO _h38924 _i20765 _si |
||
| 999 |
_c15711 _d15711 |
||